| 000 | 00331nam a2200133Ia 4500 | ||
|---|---|---|---|
| 008 | 210210b1969 xxu||||| |||| 00| 0 eng d | ||
| 082 | _a306.0954 RAJO | ||
| 100 | _aRAJAGOPALACHARI (C). | ||
| 245 | _aOur culture. | ||
| 260 |
_aBombay. _bBharatiya Vidhya Bhavan _c1969 |
||
| 300 | _a33 | ||
| 690 | _aIndian Society | ||
| 906 | _a028780 | ||
| 999 |
_c80016 _d80016 |
||